[Event "Hessen-ch Gr-C 62nd"]
[Site "Hanau"]
[Date "2008.03.20"]
[Round "3"]
[White "Haftmann, Rainer"]
[Black "Fussnecker, Manfred"]
[Result "0-1"]
[WhiteElo "1859"]
[BlackElo "1989"]
[PlyCount "50"]
[EventDate "2008.03.19"]
[EventType "swiss"]
[EventRounds "7"]
[EventCountry "GER"]
[SourceTitle "CBM 123 Extra"]
[Source "ChessBase"]
[SourceDate "2008.05.06"]
[SourceVersion "1"]
[SourceVersionDate "2008.05.06"]
[SourceQuality "1"]

1. e4 e5 2. Nf3 d6 3. d4 exd4 4. Nxd4 Nf6 5. Nc3 Be7 6. Be2 0-0 7. 0-0 Nbd7 8. f4 Re8 9. Bf3 Bf8 10. Nb3 c6 11. Be3 Nb6 12. Qd3 Be6 13. Nd2 d5 14. exd5 Nfxd5 15. Nxd5 Nxd5 16. Bxd5 Bxd5 17. Bf2 Qf6 18. Bd4 Qd6 19. c4 Bxg2 20. Kxg2 c5 21. Nb3 cxd4 22. Qxd4 Qg6+ 23. Kh1 Re2 24. Rf2 Rae8 25. Rg1 Qc6+ 0-1

[Event "Rhein Main op 10th"]
[Site "Bad Homburg"]
[Date "2007.06.09"]
[Round "6"]
[White "Giel, Olaf"]
[Black "Fussnecker, Manfred"]
[Result "1-0"]
[WhiteElo "2137"]
[BlackElo "2010"]
[PlyCount "45"]
[EventDate "2007.06.06"]
[EventType "swiss"]
[EventRounds "7"]
[EventCountry "GER"]
[SourceTitle "EXT 2008"]
[Source "ChessBase"]
[SourceDate "2007.11.25"]
[SourceVersion "1"]
[SourceVersionDate "2007.11.25"]
[SourceQuality "1"]

1. d4 f5 2. Nf3 Nf6 3. Bg5 d5 4. Bxf6 exf6 5. e3 Be6 6. Be2 Bd6 7. 0-0 0-0 8. Nbd2 f4 9. c4 c6 10. e4 dxe4 11. Nxe4 Bf5 12. Nxd6 Qxd6 13. Qb3 Qd7 14. Rad1 Kh8 15. d5 c5 16. Rfe1 Na6 17. a3 Rae8 18. Nh4 g5 19. Nxf5 Qxf5 20. Qxb7 Rxe2 21. Rxe2 f3 22. Qe7 Rb8 23. Re6 1-0

[Event "Hessen-ch qual-C"]
[Site "Erlensee"]
[Date "2007.04.07"]
[Round "7"]
[White "Von Chamier, Ralf"]
[Black "Fussnecker, Manfred"]
[Result "1-0"]
[WhiteElo "1837"]
[BlackElo "2013"]
[PlyCount "89"]
[EventDate "2007.04.04"]
[EventType "swiss"]
[EventRounds "7"]
[EventCountry "GER"]
[SourceTitle "CBM 117 Extra"]
[Source "ChessBase"]
[SourceDate "2007.05.09"]
[SourceVersion "1"]
[SourceVersionDate "2007.05.09"]
[SourceQuality "1"]

1. Nf3 f5 2. g3 Nf6 3. Bg2 g6 4. c3 d5 5. d3 Nc6 6. Na3 Bg7 7. Nb5 a6 8. Nbd4 Nxd4 9. Nxd4 e5 10. Nb3 0-0 11. Bg5 Qd6 12. d4 Ne4 13. dxe5 Bxe5 14. Bh6 Rf7 15. Nd2 Qb6 16. Nxe4 fxe4 17. 0-0 c6 18. Rb1 Bg4 19. Be3 Qb5 20. f3 Bf5 21. f4 Bg7 22. Rf2 d4 23. cxd4 Rd7 24. g4 Bxg4 25. Bxe4 Re8 26. Bd3 Qd5 27. Qc1 b5 28. Bc2 Qd6 29. Bb3+ Kh8 30. d5 cxd5 31. Rg2 Bf5 32. Ra1 Rc7 33. Qd2 Re4 34. Rd1 d4 35. Bf2 Rce7 36. Bg3 Qb6 37. Bd5 Re3 38. Bf3 Rxf3 39. exf3 d3+ 40. Bf2 Qc6 41. Re1 Rc7 42. Rg5 Qd7 43. Be3 Rc2 44. Qb4 Bxb2 45. Qf8# 1-0

[Event "Hessen-ch qual-C"]
[Site "Erlensee"]
[Date "2007.04.04"]
[Round "1"]
[White "Will, Jens Robert"]
[Black "Fussnecker, Manfred"]
[Result "1-0"]
[WhiteElo "1970"]
[BlackElo "2013"]
[PlyCount "157"]
[EventDate "2007.04.04"]
[EventType "swiss"]
[EventRounds "7"]
[EventCountry "GER"]
[SourceTitle "CBM 117 Extra"]
[Source "ChessBase"]
[SourceDate "2007.05.09"]
[SourceVersion "1"]
[SourceVersionDate "2007.05.09"]
[SourceQuality "1"]

1. Nf3 f5 2. c4 Nf6 3. Nc3 d6 4. d4 Nbd7 5. Qa4 c6 6. Bf4 Ne4 7. e3 g6 8. Bd3 Nxc3 9. bxc3 Bg7 10. 0-0 e5 11. Bg5 Bf6 12. Bxf6 Qxf6 13. e4 f4 14. c5 dxc5 15. d5 Nb6 16. Qa3 c4 17. Be2 cxd5 18. exd5 Bg4 19. Rfd1 e4 20. Nd4 f3 21. Bxc4 Nxc4 22. Qa4+ Bd7 23. Qxc4 0-0 24. Ne6 Rf7 25. Qxe4 Qxc3 26. Rac1 Qb2 27. Rc2 Qa3 28. Rd3 Qd6 29. Rxf3 Rxf3 30. Qxf3 Bxe6 31. dxe6 Qxe6 32. h3 Rb8 33. Re2 Qf7 34. Qa3 a6 35. Re7 Qf6 36. Qb3+ Kh8 37. Rf7 Qa1+ 38. Kh2 Qe5+ 39. g3 b5 40. Qd3 Rg8 41. Qd7 Rg7 42. Rxg7 Qxg7 43. Qc8+ Qg8 44. Qxa6 Qd5 45. Qa7 Qc4 46. a3 Kg8 47. Qe7 Qa2 48. Kg1 Qb3 49. Qb4 Qd1+ 50. Kg2 Qd5+ 51. f3 Kf7 52. g4 g5 53. h4 Qa2+ 54. Kh3 Qc4 55. hxg5 Qf1+ 56. Kg3 Qg1+ 57. Kf4 Qh2+ 58. Kf5 Qc2+ 59. Qe4 Qc5+ 60. Kf4 Qd6+ 61. Qe5 Qxa3 62. Qf6+ Kg8 63. Qd8+ Kg7 64. Qd7+ Kg6 65. Qxb5 Qc1+ 66. Ke4 Qe1+ 67. Kd5 Qd1+ 68. Ke6 Qe1+ 69. Qe5 Qxe5+ 70. Kxe5 Kxg5 71. f4+ Kxg4 72. f5 h5 73. f6 h4 74. f7 h3 75. f8Q Kg3 76. Qf1 Kh2 77. Ke4 Kg3 78. Qh1 h2 79. Ke3 1-0

[Event "Karl Mala Memorial op 10th"]
[Site "Griesheim"]
[Date "2006.07.21"]
[Round "3"]
[White "Hoegy, Kevin"]
[Black "Fussnecker, Manfred"]
[Result "1/2-1/2"]
[WhiteElo "1771"]
[BlackElo "2025"]
[PlyCount "78"]
[EventDate "2006.07.20"]
[EventType "swiss"]
[EventRounds "7"]
[EventCountry "GER"]
[SourceTitle "CBM 113 Extra"]
[Source "ChessBase"]
[SourceDate "2006.09.14"]
[SourceVersion "1"]
[SourceVersionDate "2006.09.14"]
[SourceQuality "1"]

1. e4 e6 2. d4 d5 3. Nc3 Bb4 4. a3 Bxc3+ 5. bxc3 dxe4 6. Qg4 Nf6 7. Qxg7 Rg8 8. Qh6 Rg6 9. Qd2 Bd7 10. Ne2 Bc6 11. Nf4 Rg8 12. Bb2 Nd5 13. c4 e3 14. fxe3 Nxf4 15. exf4 Qh4+ 16. Qf2 Qg4 17. Rg1 Nd7 18. g3 0-0-0 19. Be2 Qg6 20. Bd3 Be4 21. 0-0-0 Nb6 22. Qe2 Bxd3 23. Qxd3 Qh5 24. Qb3 Rd7 25. Qb5 Qxh2 26. c5 Nd5 27. Qa4 Ne3 28. c6 Rd5 29. cxb7+ Kb8 30. Rh1 Qe2 31. Rd2 Qf3 32. Rdh2 h5 33. c4 Rf5 34. d5 Qe4 35. Be5 exd5 36. Bxc7+ Kxc7 37. Qxa7 Rb8 38. Qa5+ Kd7 39. Qb5+ Kc7 1/2-1/2

[Event "Rhein Main op 09th"]
[Site "Bad Homburg"]
[Date "2006.06.15"]
[Round "2.30"]
[White "Fussnecker, Manfred"]
[Black "Kempf, Alexander"]
[Result "1/2-1/2"]
[WhiteElo "2025"]
[BlackElo "1654"]
[PlyCount "60"]
[EventDate "2006.06.14"]
[EventType "swiss"]
[EventRounds "7"]
[EventCountry "GER"]
[SourceTitle "EXT 2007"]
[Source "ChessBase"]
[SourceDate "2006.11.23"]
[SourceVersion "1"]
[SourceVersionDate "2006.11.23"]
[SourceQuality "1"]

1. e4 c5 2. Nf3 d6 3. Bb5+ Bd7 4. Bxd7+ Qxd7 5. 0-0 Nc6 6. c3 Nf6 7. Re1 g6 8. Na3 Bg7 9. e5 dxe5 10. Nxe5 Nxe5 11. Rxe5 Ng4 12. Re1 0-0 13. h3 Ne5 14. d4 cxd4 15. cxd4 Rad8 16. Qb3 Qxd4 17. Be3 Qd3 18. Qxb7 Rd7 19. Qb4 Nc6 20. Qa4 Rc8 21. Rad1 Qf5 22. b4 Bc3 23. Rxd7 Bxe1 24. Rb7 Nxb4 25. Rxb4 Bxf2+ 26. Bxf2 Rc1+ 27. Kh2 Qxf2 28. Rf4 Qg1+ 29. Kg3 Qe1+ 30. Kh2 Qg1+ 1/2-1/2